| 000 | 01016na a2200325 4500 | ||
|---|---|---|---|
| 001 | 17824 | ||
| 003 | MIRAKIL | ||
| 005 | 20181213155156.0 | ||
| 008 | 161104b tu 000 0 | ||
| 035 | _a17824 | ||
| 040 |
_aMilas _btur _cTR-AnCHP |
||
| 041 | _atur | ||
| 082 |
_aCHP 324.2372 _bC36t 1996 |
||
| 090 | _aCHP 324.2372 C36t 1996 | ||
| 111 |
_aCHP Küçük Kurultayı _cAnkara _d19 Ekim 1996 |
||
| 245 |
_aTürkiye yol ayrımında _bCHP Küçük Kurultayı _b19 Ekim 1996 _cCumhuriyet Halk Partisi |
||
| 246 | _aKüçük Kurultay | ||
| 246 | _aCHP Küçük Kurultayı | ||
| 260 |
_aAnkara _bCHP _c1996 |
||
| 300 |
_a13 s. _c30 sm. |
||
| 490 | _aCumhuriyet Halk Partisi yayınları | ||
| 610 | _aCumhuriyet Halk Partisi | ||
| 610 |
_aCumhuriyet Halk Partisi _xKurultaylar _y1996 |
||
| 651 |
_aTürkiye _xSiyaset ve yönetim _y1995-1999 |
||
| 657 | _aCHP küçük kurultayları | ||
| 657 | _aCHP kurultayları | ||
| 740 | _aCHP Küçük Kurultay | ||
| 830 | _aCHP yayınları | ||
| 942 |
_2ddc _cBKS |
||
| 999 |
_c7998 _d7998 |
||